000 00481nam a2200181Ia 4500
001 13355
005 20260306164755.0
008 260306t2013||||xx |||||||||||||| ||spa||
041 _aESP
082 _a001.42
_bV65
100 _aVilcapoma, José Carlos
_eAUT
245 0 _aAprender e investigar. Arte y método del trabajo universitario:
_b(propedéutica)
260 _c2013
300 _a270 páginas
_c22 cm.
650 _aGEN
654 _aCHU
942 _cLIB
_dJUS
_fJUS
_2ddc
_n
999 _c13355
_d13355